000 00294nam a22001337a 4500
008 181217b xxu||||| |||| 00| 0 eng d
020 _a9781308523835
041 _aeng
080 _a336.2
100 _a55
101 _aTAK
245 _aTaxation Of Individuals
_cSmith.E
942 _2udc
_cBK
999 _c53263
_d53263